[Event "3rd Gujarat GM Open 2022"]
[Site "Ahmedabad"]
[Date "2022.04.07"]
[Round "10.15"]
[White "Aradhya, Garg"]
[Black "Hesham, Abdelrahman"]
[Result "1/2-1/2"]
[WhiteElo "2236"]
[BlackElo "2425"]
[Annotator "TA"]
[PlyCount "183"]
[EventDate "2022.03.31"]
[EventType "swiss"]
[EventCountry "IND"]
[SourceTitle "playchess.com"]
[Source "ChessBase"]
[SourceQuality "1"]
[TimeControl "5400+30"]

{[%evp 152,183,-8,-8,-8,-8,-8,-8,-8,-8,-8,-8,-8,-8,-8,-8,-8,-8,-8,-8,-8,-8,-8,-8,-8,-8,-8,-8,-8,-8,-8,-8,-8,-8]} 1. e4 {[%emt 0:06:35]} c6 {[%emt 0:02:09]} 2. d4 {[%emt 0:00:07]} d5 {[%emt 0:00:04]} 3. e5 {[%emt 0:00:08]} Bf5 {[%emt 0:00:04]} 4. h4 {[%emt 0:00:08]} h5 {[%emt 0:00:05]} 5. Bd3 {[%emt 0:00:16]} Bxd3 {[%emt 0:00:07]} 6. Qxd3 {[%emt 0:00:03]} e6 {[%emt 0:00:06]} 7. Bg5 {[%emt 0:00:15]} Qb6 {[%emt 0:00:45]} 8. Nd2 {[%emt 0:00:11]} Qa6 {[%emt 0:05:55]} 9. c4 {[%emt 0:00:38]} Ne7 {[%emt 0:02:19]} 10. Ngf3 {[%emt 0:01:57]} Nf5 {[%emt 0:01:21]} 11. O-O {[%emt 0:00:51]} Bb4 {[%emt 0:00:29]} 12. Rfc1 {[%emt 0:10:07]} Bxd2 {[%emt 0:01:30]} 13. Qxd2 {[%emt 0:04:47]} dxc4 {[%emt 0:00:50]} 14. b3 {[%emt 0:00:12]} c3 {[%emt 0:03:29]} 15. Qxc3 {[%emt 0:01:44]} O-O {[%emt 0:00:34]} 16. a4 {[%emt 0:09:05]} Nd7 {[%emt 0:00:44]} 17. Qc4 {[%emt 0:00:11]} Qxc4 {[%emt 0:01:16]} 18. bxc4 {[%emt 0:00:07]} f6 {[%emt 0:00:07]} 19. exf6 {[%emt 0:01:12]} gxf6 {[%emt 0:00:56]} 20. Bd2 {[%emt 0:02:35]} c5 {[%emt 0:00:18]} 21. Rcb1 {[%emt 0:06:57]} cxd4 {[%emt 0:01:18]} 22. Rxb7 {[%emt 0:00:05]} Nc5 {[%emt 0:00:13]} 23. Rb5 {[%emt 0:03:12]} Rfc8 {[%emt 0:01:09]} 24. Re1 {[%emt 0:02:17]} Rab8 {[%emt 0:06:53]} 25. a5 {[%emt 0:05:09]} a6 {[%emt 0:20:34]} 26. Rb6 {[%emt 0:06:19]} Kf7 {[%emt 0:00:25]} 27. Reb1 {[%emt 0:00:34]} Nd7 {[%emt 0:00:47]} 28. Rb7 {[%emt 0:00:49]} Ke8 {[%emt 0:01:25]} 29. c5 {[%emt 0:03:30]} e5 {[%emt 0:06:16]} 30. c6 {[%emt 0:02:00]} Rxb7 {[%emt 0:00:05]} 31. cxb7 {[%emt 0:00:03]} Rb8 {[%emt 0:00:08]} 32. Kh2 {[%emt 0:03:25]} Nd6 {[%emt 0:02:07]} 33. Bb4 {[%emt 0:07:22]} Nb5 {[%emt 0:02:55]} 34. Rc1 {[%emt 0:03:01]} Rxb7 {[%emt 0:00:08]} 35. Rc6 {[%emt 0:00:10]} Nc7 {[%emt 0:09:15]} 36. Bd6 {[%emt 0:00:48]} Nd5 {[%emt 0:00:07]} 37. Rxa6 {[%emt 0:22:10]} Rb2 {[%emt 0:00:17]} 38. Ra8+ {[%emt 0:00:00]} Kf7 {[%emt 0:01:16]} 39. Ra7 {[%emt 0:00:00]} Ke6 {[%emt 0:01:06]} 40. Ra6 {[%emt 0:00:00]} Kf5 {[%emt 0:01:13]} 41. Ra7 {[%emt 0:00:00]} Nb8 {[%emt 0:01:11]} 42. Bxb8 {[%emt 0:00:00]} Rxb8 {[%emt 0:00:06]} 43. a6 {[%emt 0:00:00]} Rb2 {[%emt 0:04:57]} 44. Rd7 {[%emt 0:00:00]} Ke6 {[%emt 0:00:33]} 45. a7 {[%emt 0:00:00]} Ra2 {[%emt 0:00:07]} 46. Rb7 {[%emt 0:00:00]} Ne7 {[%emt 0:05:34]} 47. Nd2 {[%emt 0:00:00]} Nc8 {[%emt 0:00:16]} 48. g4 {[%emt 0:00:00]} hxg4 {[%emt 0:01:08]} 49. h5 {[%emt 0:00:00]} Nxa7 {[%emt 0:20:23]} 50. h6 {[%emt 0:00:23]} Nc6 {[%emt 0:00:00]} 51. Ne4 {[%emt 0:00:40]} f5 {[%emt 0:00:00]} 52. Ng5+ {[%emt 0:01:37]} Kf6 {[%emt 0:00:00]} 53. h7 {[%emt 0:00:12]} Ra8 {[%emt 0:00:00]} 54. Nf7 {[%emt 0:00:13]} d3 {[%emt 0:00:00]} 55. h8=Q+ {[%emt 0:05:55]} Rxh8+ {[%emt 0:00:00]} 56. Nxh8 {[%emt 0:00:00]} d2 {[%emt 0:00:00]} 57. Rb1 {[%emt 0:00:00]} Nd4 {[%emt 0:00:00]} 58. Kg2 {[%emt 0:00:00]} Kg7 {[%emt 0:03:33]} 59. Kf1 {[%emt 0:00:35]} Kxh8 {[%emt 0:00:19]} 60. Rd1 {[%emt 0:00:02]} Nf3 {[%emt 0:00:06]} 61. Ke2 {[%emt 0:00:16]} Kg7 {[%emt 0:00:05]} 62. Ra1 {[%emt 0:00:17]} Kf6 {[%emt 0:00:26]} 63. Ra8 {[%emt 0:00:44]} Kg5 {[%emt 0:00:05]} 64. Rd8 {[%emt 0:00:24]} Kf4 {[%emt 0:00:18]} 65. Rg8 {[%emt 0:00:16]} Ng1+ {[%emt 0:01:43]} 66. Kxd2 {[%emt 0:00:24]} Kf3 {[%emt 0:00:05]} 67. Rg5 {[%emt 0:02:12]} f4 {[%emt 0:01:18]} 68. Ke1 {[%emt 0:00:22]} Nh3 {[%emt 0:00:59]} 69. Rxe5 {[%emt 0:00:07]} Nxf2 {[%emt 0:00:04]} 70. Kf1 {[%emt 0:00:25]} Kg3 {[%emt 0:00:56]} 71. Re2 {[%emt 0:00:32]} Nh3 {[%emt 0:00:22]} 72. Rg2+ {[%emt 0:00:34]} Kh4 {[%emt 0:00:24]} 73. Ra2 {[%emt 0:00:12]} f3 {[%emt 0:00:11]} 74. Ra4 {[%emt 0:00:58]} Kg3 {[%emt 0:00:16]} 75. Ra2 {[%emt 0:00:11]} Ng5 {[%emt 0:00:17]} 76. Ra4 {[%emt 0:00:49]} Ne6 {[%emt 0:00:32]} 77. Re4 {[%emt 0:00:27]} Ng7 {[%emt 0:00:58]} 78. Re5 {[%emt 0:00:25]} Kf4 {[%emt 0:00:10]} 79. Ra5 {[%emt 0:00:16]} Nf5 {[%emt 0:01:20]} 80. Ra4+ {[%emt 0:00:41]} Kg3 {[%emt 0:00:02]} 81. Ra3 {[%emt 0:00:12]} Nd6 {[%emt 0:00:31]} 82. Ra4 {[%emt 0:00:27]} Nf7 {[%emt 0:00:13]} 83. Ra5 $1 {[%emt 0:00:18]} Kh4 {[%emt 0:00:40]} 84. Kf2 {[%emt 0:01:21]} Ng5 {[%emt 0:00:06]} 85. Ra4 {[%emt 0:00:46]} Kh3 {[%emt 0:00:07]} 86. Rf4 {[%emt 0:00:36]} g3+ {[%emt 0:00:45]} 87. Kg1 $1 {[%emt 0:00:13]} g2 {[%emt 0:00:03]} 88. Kf2 {[%emt 0:00:30]} Kh2 {[%emt 0:01:37]} 89. Rg4 {[%emt 0:00:07]} Nh3+ {[%emt 0:00:37]} 90. Kxf3 {[%emt 0:00:07]} g1=Q {[%emt 0:00:04]} 91. Rxg1 {[%emt 0:00:06]} Nxg1+ {[%emt 0:00:42]} 92. Ke4 {[%emt 0:02:38]} 1/2-1/2

[Event "3rd Gujarat GM Open 2022"]
[Site "Ahmedabad"]
[Date "2022.04.07"]
[Round "10.16"]
[White "Satvik Sharma"]
[Black "Gusain, Himal"]
[Result "0-1"]
[WhiteElo "1753"]
[BlackElo "2408"]
[Annotator "TA"]
[PlyCount "64"]
[EventDate "2022.03.31"]
[EventType "swiss"]
[EventCountry "IND"]
[SourceTitle "playchess.com"]
[Source "ChessBase"]
[SourceQuality "1"]
[TimeControl "5400+30"]

{[%evp 9,64,27,16,0,0,0,0,-14,0,-15,2,0,8,0,0,0,0,-76,-71,-55,-70,-62,-69,-91,-96,-122,-125,-300,-300,-293,-290,-301,-292,-381,-376,-371,-401,-391,-365,-460,-466,-468,-452,-529,-468,-802,-421,-431,-422,-425,-423,-406,-293,-309,-254,-321,-314]} 1. d4 {[%emt 0:00:03]} f5 {[%emt 0:00:33]} 2. Bf4 {[%emt 0:00:21]} Nf6 {[%emt 0:00:09]} 3. e3 {[%emt 0:00:07]} d6 {[%emt 0:00:17]} 4. h3 {[%emt 0:00:41]} g6 {[%emt 0:00:06]} 5. Nc3 {[%emt 0:03:17]} Bg7 {[%emt 0:00:27] [#]} 6. g4 $146 {[%emt 0:00:51] A80: Dutch Defence: Unusual White second moves.} ({Predecessor:} 6. Bc4 e6 7. Nf3 O-O 8. O-O Kh8 9. Bh2 Qe7 10. Re1 Ne4 11. Bd3 d5 12. Ne2 {0-1 (45) Boe,M (2321)-Kobalia,M (2628) Tallinn 2016}) 6... fxg4 {[%emt 0:00:19]} 7. hxg4 {[%emt 0:00:36]} Bxg4 {[%emt 0:00:19]} 8. Qd2 {[%emt 0:00:44] The position is equal.} Nh5 {[%emt 0:10:00]} 9. Bg5 {[%emt 0:04:37]} Bf6 {[%emt 0:00:34]} 10. Bh6 {[%emt 0:03:01]} Nc6 {[%emt 0:00:08]} 11. f3 {[%emt 0:02:00]} Bd7 {[%emt 0:00:06]} ({Don't play} 11... Ng3 {[#]} 12. fxg4 $1 Nxh1 13. Qh2 $16 (13. g5 Ng3 $16)) 12. Nge2 {[%emt 0:01:58] Inhibits Ng3.} e6 {[%emt 0:00:40]} 13. Bh3 {[%emt 0:08:00]} (13. O-O-O $1 $11 {keeps the balance.}) 13... Bh4+ $17 {[%emt 0:02:06]} 14. Kd1 {[%emt 0:00:09]} Bg5 $1 {[%emt 0:01:26]} 15. Bxg5 {[%emt 0:00:29]} Qxg5 {[%emt 0:00:05]} 16. d5 {[%emt 0:02:06]} exd5 {[%emt 0:01:24] Hoping for ...Bxh3.} 17. Bxd7+ {[%emt 0:00:12]} Kxd7 {[%emt 0:00:06]} 18. Nxd5 $2 {[%emt 0:00:13] [#] Loses the game.} (18. f4 $17 {was called for.} Qf6 19. Qxd5) 18... Qg2 $1 $19 {[%emt 0:02:49][%csl LRf3,LRh1]} 19. Rg1 {[%emt 0:01:29]} Qxf3 {[%emt 0:00:17]} 20. Kc1 {[%emt 0:00:13]} Nf6 {[%emt 0:02:11]} 21. c4 {[%emt 0:02:08]} Raf8 {[%emt 0:05:10][%cal Ba8f8,Bf8f5,Bf5e5,Be5e3,Be3f3,Bf3f4,Bf4d4,Bd4d5][%mdl 32] And now ...Ne4 would win.} 22. b3 {[%emt 0:00:44]} Nxd5 {[%emt 0:02:56]} 23. cxd5 {[%emt 0:00:07]} Ne7 {[%emt 0:00:03]} 24. Nf4 {[%emt 0:00:41]} Rf5 {[%emt 0:01:22]} 25. Qd4 {[%emt 0:03:33]} Re5 {[%emt 0:01:19]} 26. Qa4+ {[%emt 0:00:42]} Kc8 {[%emt 0:00:11]} 27. Qxa7 {[%emt 0:00:38]} (27. Kb2 $142 Qxe3 28. Rac1) 27... Qxe3+ {[%emt 0:00:10]} 28. Qxe3 {[%emt 0:00:06]} Rxe3 {[%emt 0:00:04]} 29. Kd2 {[%emt 0:00:15]} Rf3 {[%emt 0:00:41]} 30. Rae1 {[%emt 0:00:31]} Rxf4 {[%emt 0:00:22]} 31. Rxe7 {[%emt 0:00:07]} Rd4+ {[%emt 0:00:02]} 32. Ke3 {[%emt 0:00:28]} Rxd5 {[%emt 1:10:08] Weighted Error Value: White=0.48/Black=0.24 (precise)} 0-1

[Event "3rd Gujarat GM Open 2022"]
[Site "Ahmedabad"]
[Date "2022.04.07"]
[Round "10.17"]
[White "Viani Antonio Dcunha"]
[Black "Aaryan Varshney"]
[Result "0-1"]
[WhiteElo "2397"]
[BlackElo "2277"]
[Annotator "TA"]
[PlyCount "120"]
[EventDate "2022.03.31"]
[EventType "swiss"]
[EventCountry "IND"]
[SourceTitle "playchess.com"]
[Source "ChessBase"]
[SourceQuality "1"]
[TimeControl "5400+30"]

{[%evp 69,120,-219,-135,-148,-135,-173,-86,-92,-92,-81,-80,-120,-89,-547,-530,-658,260,-645,-639,-1000,-814,-1037,-986,-1056,-1045,-1004,-890,-1034,-1005,-1000,-983,-1603,-1397,-29967,-29970,-29969,-29970,-29969,-29970,-29972,-29973,-29973,-29974,-29974,-29974,-29973,-29974,-29978,-29979,-29979,-29980,-29979,-29974]} 1. e4 {[%emt 0:00:49]} c5 {[%emt 0:00:08]} 2. Nf3 {[%emt 0:00:06]} d6 {[%emt 0:00:04]} 3. d4 {[%emt 0:00:08]} cxd4 {[%emt 0:00:05]} 4. Nxd4 {[%emt 0:00:09]} Nf6 {[%emt 0:00:05]} 5. Nc3 {[%emt 0:00:09]} a6 {[%emt 0:00:02]} 6. Be3 {[%emt 0:00:12]} e5 {[%emt 0:00:08]} 7. Nb3 {[%emt 0:00:06]} Be6 {[%emt 0:00:05]} 8. f3 {[%emt 0:00:17]} Be7 {[%emt 0:00:04]} 9. Qd2 {[%emt 0:00:25]} O-O {[%emt 0:00:06]} 10. O-O-O {[%emt 0:00:51]} Nbd7 {[%emt 0:00:04]} 11. g4 {[%emt 0:01:21]} b5 {[%emt 0:00:09]} 12. g5 {[%emt 0:00:39]} Nh5 {[%emt 0:00:08]} 13. Nd5 {[%emt 0:01:32]} Bxd5 {[%emt 0:00:14]} 14. exd5 {[%emt 0:00:12]} f6 {[%emt 0:00:14]} 15. g6 {[%emt 0:00:16]} hxg6 {[%emt 0:16:36]} 16. Na5 {[%emt 0:00:20]} f5 {[%emt 0:05:00]} 17. Nc6 {[%emt 0:01:16]} Qe8 {[%emt 0:00:14]} 18. Rg1 {[%emt 0:02:03]} Kh7 {[%emt 0:01:34]} 19. Kb1 {[%emt 0:03:16]} Bd8 {[%emt 0:06:52]} 20. Qb4 {[%emt 0:03:52]} Bb6 {[%emt 0:01:14]} 21. Bxb6 {[%emt 0:08:31]} Nxb6 {[%emt 1:07:54]} 22. c4 {[%emt 0:00:32]} Nxc4 {[%emt 0:00:00]} 23. Bxc4 {[%emt 0:00:18]} bxc4 {[%emt 0:00:00]} 24. Qxd6 {[%emt 0:00:28]} e4 {[%emt 0:00:00]} 25. Rge1 {[%emt 0:10:59]} Nf6 {[%emt 0:00:00]} 26. Re3 {[%emt 0:13:23]} f4 {[%emt 0:00:00]} 27. Ree1 {[%emt 0:07:27]} g5 {[%emt 0:00:00]} 28. h4 {[%emt 0:07:13]} g4 {[%emt 0:00:00]} 29. Qxf4 {[%emt 0:09:11]} gxf3 {[%emt 0:00:00]} 30. Ne5 {[%emt 0:05:14]} Qh5 {[%emt 0:00:00]} 31. Nxc4 {[%emt 0:01:26]} Rae8 {[%emt 0:00:00]} 32. Ne3 {[%emt 0:05:56]} Qe5 {[%emt 0:00:00]} 33. Qxe5 {[%emt 0:03:33]} Rxe5 {[%emt 0:00:00]} 34. Kc2 {[%emt 0:01:56]} Rc8+ {[%emt 0:00:00]} 35. Kb3 {[%emt 0:00:28]} Nd7 {[%emt 0:00:00]} 36. Rc1 {[%emt 0:01:38]} Ree8 {[%emt 0:00:00]} 37. Rc4 {[%emt 0:01:21] [#]} Nf6 {[%emt 0:00:00]} (37... Ne5 $1 $19 {[%cal Re5c4] and Black stays clearly on top.} 38. Rxc8 (38. Rxe4 $2 Nd3 $19) 38... Rxc8) 38. Kc3 $17 {[%emt 0:00:39]} Rcd8 {[%emt 0:00:09]} 39. Rc5 {[%emt 0:01:31]} Nh5 {[%emt 0:00:31]} 40. Kd4 {[%emt 0:04:26]} Nf4 {[%emt 0:00:25]} 41. b4 $2 {[%emt 0:01:11][%mdl 8192]} (41. Rc2 $17 {was the crucial defense.}) 41... f2 $19 {[%emt 0:01:50]} 42. Rf1 {[%emt 0:00:05]} Ne2+ {[%emt 0:00:21]} 43. Kc4 {[%emt 0:00:04]} Rf8 {[%emt 0:00:08]} 44. Ng4 {[%emt 0:00:18]} Rf3 {[%emt 0:00:44]} 45. d6 {[%emt 0:01:04]} Rxd6 {[%emt 0:00:14]} 46. Rh5+ {[%emt 0:00:22]} Kg8 {[%emt 0:00:08]} 47. Kc5 {[%emt 0:00:36]} Rdf6 {[%emt 0:03:19]} 48. Re5 {[%emt 0:04:26]} Ng3 {[%emt 0:00:37]} 49. Rxf2 {[%emt 0:00:27]} Rxf2 {[%emt 0:00:13]} 50. Nxf2 {[%emt 0:00:06]} Rxf2 {[%emt 0:00:06]} 51. a4 {[%emt 0:00:36]} Rf5 {[%emt 0:01:55]} 52. Rxf5 {[%emt 0:00:21]} Nxf5 {[%emt 0:00:03]} 53. b5 {[%emt 0:00:54]} axb5 {[%emt 0:00:15]} 54. axb5 {[%emt 0:00:17]} e3 {[%emt 0:00:04]} 55. b6 {[%emt 0:00:02]} e2 {[%emt 0:00:04]} 56. b7 {[%emt 0:00:03]} e1=Q {[%emt 0:00:05]} 57. b8=Q+ {[%emt 0:00:07]} Kh7 {[%emt 0:00:09]} 58. h5 {[%emt 0:00:18]} Qc3+ {[%emt 0:00:43]} 59. Kd5 {[%emt 0:00:04]} Qd4+ {[%emt 0:00:14]} 60. Ke6 {[%emt 0:00:03]} Qe4+ {[%emt 0:07:13]} 0-1

[Event "3rd Gujarat GM Open 2022"]
[Site "Ahmedabad"]
[Date "2022.04.07"]
[Round "10.18"]
[White "Rajesh, V A V"]
[Black "Sahib Singh"]
[Result "1/2-1/2"]
[WhiteElo "2376"]
[BlackElo "1792"]
[Annotator "TA"]
[PlyCount "135"]
[EventDate "2022.03.31"]
[EventType "swiss"]
[EventCountry "IND"]
[SourceTitle "playchess.com"]
[Source "ChessBase"]
[SourceQuality "1"]
[TimeControl "5400+30"]

{[%evp 71,135,93,90,50,72,73,75,71,97,78,140,142,167,167,172,171,178,168,255,182,190,105,153,144,219,204,206,55,55,0,92,35,29,0,0,0,8,8,8,8,8,8,8,0,0,0,0,0,0,0,0,0,0,0,0,0,0,0,0,0,0,0,0,0,0,0]} 1. d4 {[%emt 0:05:04]} d5 {[%emt 0:01:58]} 2. c4 {[%emt 0:00:07]} e6 {[%emt 0:00:06]} 3. Nc3 {[%emt 0:00:08]} Nf6 {[%emt 0:00:07]} 4. cxd5 {[%emt 0:00:18]} exd5 {[%emt 0:00:07]} 5. Bg5 {[%emt 0:00:06]} c6 {[%emt 0:00:08]} 6. Qc2 {[%emt 0:00:22]} Be7 {[%emt 0:00:07]} 7. e3 {[%emt 0:00:10]} h6 {[%emt 0:00:11]} 8. Bh4 {[%emt 0:00:10]} Nbd7 {[%emt 0:01:27]} 9. Bd3 {[%emt 0:00:08]} Nh5 {[%emt 0:00:11]} 10. Bxe7 {[%emt 0:00:42]} Qxe7 {[%emt 0:00:05]} 11. Nge2 {[%emt 0:00:39]} Nb6 {[%emt 0:00:09]} 12. O-O {[%emt 0:01:51]} O-O {[%emt 0:00:25]} 13. Rae1 {[%emt 0:01:43]} Nf6 {[%emt 0:11:11]} 14. Ng3 {[%emt 0:01:41]} Be6 {[%emt 0:04:02]} 15. Nce2 {[%emt 0:00:59]} h5 {[%emt 0:16:06]} 16. Nf4 {[%emt 0:02:50]} h4 {[%emt 0:02:09]} 17. Nxe6 {[%emt 0:00:37]} fxe6 {[%emt 0:00:33]} 18. Ne2 {[%emt 0:00:09]} e5 {[%emt 0:01:38]} 19. dxe5 {[%emt 0:00:22]} Qxe5 {[%emt 0:01:24]} 20. Nf4 {[%emt 0:00:07]} Rfe8 {[%emt 0:16:07]} 21. Bg6 {[%emt 0:03:00]} Re7 {[%emt 0:00:42]} 22. Bf5 {[%emt 0:00:54]} Qd6 {[%emt 0:09:08]} 23. Ng6 {[%emt 0:01:37]} Ree8 {[%emt 0:02:34]} 24. Nxh4 {[%emt 0:01:13]} Qb4 {[%emt 0:01:21]} 25. Nf3 {[%emt 0:02:18]} Nc4 {[%emt 0:01:01]} 26. b3 {[%emt 0:01:14]} Nd6 {[%emt 0:00:09]} 27. Bg6 {[%emt 0:00:30]} Re7 {[%emt 0:01:15]} 28. Rd1 {[%emt 0:00:55]} Nfe4 {[%emt 0:04:11]} 29. Rd4 {[%emt 0:02:33]} Qa5 {[%emt 0:05:43]} 30. Nd2 {[%emt 0:01:51]} Nf6 {[%emt 0:02:39]} 31. Rh4 {[%emt 0:00:39]} Nf7 {[%emt 0:04:10]} 32. Nf3 {[%emt 0:00:50]} Qc7 {[%emt 0:03:55]} 33. Qf5 {[%emt 0:07:49]} Qc8 {[%emt 0:01:58]} 34. Bxf7+ {[%emt 0:00:25]} Rxf7 {[%emt 0:00:19]} 35. Qxc8+ {[%emt 0:00:04]} Rxc8 {[%emt 0:00:06]} 36. Ne5 {[%emt 0:00:07]} Re7 {[%emt 0:00:22]} 37. f4 {[%emt 0:07:37]} Nd7 {[%emt 0:01:26]} 38. Nxd7 {[%emt 0:05:50]} (38. Ng6 {seems wilder.} Ree8 39. Re1 Kf7 40. Rg4) 38... Rxd7 {[%emt 0:00:04]} 39. Rd1 {[%emt 0:01:45]} c5 {[%emt 0:04:32]} 40. Rh5 {[%emt 0:00:25]} Rcd8 {[%emt 0:00:02]} (40... d4 $142) 41. Kf2 $16 {[%emt 0:06:41]} b5 {[%emt 0:03:04]} 42. Ke2 {[%emt 0:00:28]} c4 {[%emt 0:00:44]} 43. bxc4 {[%emt 0:00:30]} bxc4 {[%emt 0:00:15]} 44. g3 {[%emt 0:06:44]} Rb8 {[%emt 0:03:58]} (44... d4 {was called for.}) 45. Rd2 {[%emt 0:00:10]} ({Much less strong is} 45. Rhxd5 Rxd5 46. Rxd5 Rb2+ 47. Kf3 Rxa2 $18) 45... Rb5 {[%emt 0:00:39]} 46. Rc2 {[%emt 0:05:54]} (46. Re5 $18) 46... a6 {[%emt 0:00:14]} ({Black should play} 46... Ra5) 47. Re5 $16 {[%emt 0:00:30]} Rdb7 {[%emt 0:00:46]} (47... Rb4 $16 48. Rd2 c3) 48. Kd2 {[%emt 0:00:20]} Kf7 {[%emt 0:00:30]} 49. Kc3 $2 {[%emt 0:00:29]} ({Better is} 49. a4 $18 Rc5 50. e4) 49... Ra5 $1 $14 {[%emt 0:00:03]} 50. Kd2 {[%emt 0:14:54]} (50. e4 $14 Ra3+ 51. Kd2) 50... Rbb5 {[%emt 0:00:56]} (50... Rab5 $11) 51. e4 {[%emt 0:09:06]} (51. Rf5+ $16 Kg6 52. g4) 51... d4 $1 $14 {[%emt 0:00:30]} 52. Rxc4 {[%emt 0:00:07]} (52. Rf5+ $5 Rxf5 53. exf5 $14) 52... Rxa2+ {[%emt 0:00:04]} 53. Kd3 {[%emt 0:00:08]} Rxe5 {[%emt 0:00:27]} 54. fxe5 {[%emt 0:00:08]} Rxh2 {[%emt 0:00:05]} 55. Rc6 {[%emt 0:00:56]} Rg2 {[%emt 0:00:31]} 56. Rc7+ {[%emt 0:01:04]} Ke6 {[%emt 0:00:28]} 57. Kxd4 {[%emt 0:03:41]} Rxg3 {[%emt 0:00:07]} 58. Rc6+ {[%emt 0:00:08]} Ke7 {[%emt 0:00:04]} 59. Rxa6 {[%emt 0:00:22]} Rg1 {[%emt 0:00:07]} 60. e6 {[%emt 0:01:15]} Rg5 {[%emt 0:00:13]} 61. e5 {[%emt 0:01:00]} Rg1 {[%emt 0:00:05]} 62. Ke4 {[%emt 0:00:07]} Re1+ {[%emt 0:00:04]} 63. Kf5 {[%emt 0:00:03]} Rf1+ {[%emt 0:00:04]} 64. Kg5 {[%emt 0:00:10]} Rg1+ {[%emt 0:00:05]} 65. Kf5 {[%emt 0:00:03]} Rf1+ {[%emt 0:00:05]} 66. Kg5 {[%emt 0:00:06]} Rg1+ {[%emt 0:00:04]} 67. Kf5 {[%emt 0:00:02]} Rf1+ {[%emt 0:00:05]} 68. Ke4 {[%emt 0:09:35]} 1/2-1/2